Statistics for IMDb's top 10 films

Click here to take the quiz!

General Stats

  • This quiz has been taken 3,270 times
  • The average score is 7 of 10

Answer Stats

HintAnswer% Correct
#2Classic Italian mobster movie.The Godfather
97%
#10The first (and second) rule is to not talk about it.Fight Club
81%
#1A man is sentenced to jail for a crime he didn't commit.Shawshank Redemption
81%
#3Relates to #2 but with more De Niro.The Godfather Part 2
73%
#5Clint Eastwood is the good in this one.The Good, the Bad, and the Ugly
62%
#7The crusader is too dark for a side-kick this time.The Dark Knight
60%
#9Third in the epic trilogy starring Elijah Wood.Lord of the Rings: Return of the King
59%
#8Spielberg's masterpiece based on a true WWII story.Schindler's List
56%
#6One man convinces eleven others in a jury room.12 Angry Men
52%
#4"Say 'what' again, I dare you, I double you...!"Pulp Fiction
51%

Score Distribution

Percentile by Number Answered

Percent of People with Each Score

Your Score History

You have not taken this quiz